Aprender francés familia - Estadísticas

Estadísticas generales
  • Esta prueba ha sido intentada 17 veces
  • La puntuación promedio es 9 de 19
Estadísticas de respuestas
Español Francés % Correcto
Madre Mère
86%
Padre Père
86%
Familia Famille
79%
Bebé Bébé
71%
Hermana Sœur
64%
Niño Enfant
57%
Abuela Grand-mère
57%
Abuelo Grand-père
57%
Adolescente Adolescent
50%
Primo Cousin
50%
Padres Parents
50%
Adulto Adulte
43%
Hermano Frère
43%
Tío Oncle
43%
Abuelos Grands-parents
21%
Tía Tante
21%
Bisabuela Arrière-grand-mère
0%
Tatarabuelo Arrière-grand-père
0%
Bisabuelos Arrière-grands-parents
0%
No se encontraron pruebas coincidentes
Distribución de puntuación
Porcentaje de gente con cada puntuación
Porcentaje por número respondido
Historial de tus puntuaciones
No has intentado esta prueba.